Genotypic evaluation and screening for drought tolerance in wild Hevea germplasm (Record no. 52673)

MARC details
000 -LEADER
fixed length control field 00429nam a2200133Ia 4500
100 ## - MAIN ENTRY--AUTHOR NAME
Personal name Mercy M.A.
245 #0 - TITLE STATEMENT
Title Genotypic evaluation and screening for drought tolerance in wild Hevea germplasm
260 ## - PUBLICATION, DISTRIBUTION, ETC. (IMPRINT)
Name of publisher Ph.D. Thesis, Kerala Agricultural University, Thrissur, India, 115 p.
Year of publication 2001
650 ## - SUBJECT ADDED ENTRY--TOPICAL TERM
Topical Term Drought tolerance
650 ## - SUBJECT ADDED ENTRY--TOPICAL TERM
Topical Term Germplasm
650 ## - SUBJECT ADDED ENTRY--TOPICAL TERM
Topical Term Screening
942 ## - ADDED ENTRY ELEMENTS (KOHA)
Koha item type Bibliography STAF
Holdings
Withdrawn status Lost status Damaged status Not for loan Home library Current library Date acquired Koha item type
      Bibliography RRII Library RRII Library 09/04/2014 Bibliography STAF